BAKUUM elektrofizičeskich ustanovok i kompleksov /

Guardado en:
Detalles Bibliográficos
Autores principales: Glazkov, Anatolij A (Autor), Saksaganskij, G.L (Autor)
Formato: Libro
Lenguaje:ruso
Publicado: Moskva : Energoatomizdat, 1985
Edición:1.vyd.
Etiquetas: Agregar Etiqueta
Sin Etiquetas, Sea el primero en etiquetar este registro!

MARC

LEADER 00000nam a22000003a 4500
001 stu8510
005 20150617225805.6
008 960125s1985----xxr-----------------rus-d
040 |a STU  |b slo 
041 0 |a rus 
044 |a xxr 
080 |a 621.384.4.032.011 
100 1 |a Glazkov, Anatolij A  |4 aut 
245 1 |a BAKUUM elektrofizičeskich ustanovok i kompleksov /  |c [aut.] Glazkov,A.A.; Saksaganskij,G.L 
250 |a 1.vyd. 
260 |a Moskva :  |b Energoatomizdat,  |c 1985 
300 |a 183 s 
700 1 |a Saksaganskij, G.L  |4 aut 
996 |b E59734  |c E*59734  |l EE10  |s P  |a 0  |w stu8510_0001